Normal view
MARC view
- CHEJOV, ANTON PAVLOVICH,
Entry Nombre Personal
001 - NUMERO DE CONTROL
- campo de control: 17878
003 - IDENTIFICADOR DE NUMERO DE CONTROL
- campo de control: UPN
005 - FECHA Y HORA DE LA ÜLTIMA TRANSACCIÓN
- campo de control: 20210219193901.0
008 - DATOS DE LONGITUD FIJA
- campo de control de longitud fija: nabaccnnaabn|||||||||| b |nc|||||d
035 ## - NUMERO DE CONTROL
- Número de control: UPN10000017886
040 ## - FUENTE DE CATALOGACIÓN
- Lenguaje de catalogación: SPA
- Agencia de transcripción: UPN
100 1# - ENCABEZAMIENTO - NOMBRE PERSONAL
- Nombre personal: CHEJOV, ANTON PAVLOVICH,
- Fechas asociadas con el nombre: 1860-1904 -
- Subdivisión de forma: CORRESPONDENCIA, MEMORIAS, ETC.
670 ## - FUENTE EN LA QUE SE LOCALIZARON DATOS
- Cita de la fuente: T/E
- Información localizada: Enciclopedia hispánica
902 ## - CATALOGADOR
- Catalogador: MITM/050411
